[Event "DVM U14w 2017"]
[Site "Neumünster GER"]
[Date "2017.12.28"]
[Round "3"]
[White "Peglau, Mirjam"]
[Black "Müdder, Melanie"]
[Result "1/2-1/2"]
[Termination "normal"]
[Board "1.1"]
[WhiteElo "1642"]
[BlackElo "1829"]
[WhiteClock "00:12:15"]
[BlackClock "00:04:02"]
[WhiteTeam "Schachzentrum Seeblick"]
[BlackTeam "SG Solingen"]
[PlyCount "70"]
[WhiteFideId "16211138"]
[BlackFideId "12994103"]
[EventCountry "GER"]
[EventRounds "7"]
[EventType "team-swiss"]
[EventDate "2017.12.26"]

1. e4 {[%clk 1:30:58]} c5 {[%clk 1:30:54]} 2. Nf3 {[%clk 1:31:24]} Nc6 {[%clk
1:31:17]} 3. d4 {[%clk 1:31:50]} cxd4 {[%clk 1:31:39]} 4. Nxd4 {[%clk 1:32:13]}
e5 {[%clk 1:31:59]} 5. Nf3 {[%clk 1:28:47]} Nf6 {[%clk 1:30:26]} 6. Bg5 {[%clk
1:28:12]} h6 {[%clk 1:24:09]} 7. Bxf6 {[%clk 1:25:14]} Qxf6 {[%clk 1:23:55]} 8.
a3 {[%clk 1:24:01]} Bc5 {[%clk 1:17:47]} 9. c4 {[%clk 1:15:05]} d6 {[%clk
1:10:18]} 10. Nc3 {[%clk 1:12:13]} O-O {[%clk 1:08:43]} 11. Nd5 {[%clk
1:00:28]} Qg6 {[%clk 1:02:40]} 12. Qc2 {[%clk 0:55:20]} Kh8 {[%clk 0:56:36]}
13. O-O-O {[%clk 0:47:25]} Be6 {[%clk 0:43:07]} 14. h3 {[%clk 0:38:28]} a6
{[%clk 0:36:51]} 15. g4 {[%clk 0:37:44]} b5 {[%clk 0:35:59]} 16. cxb5 {[%clk
0:37:12]} axb5 {[%clk 0:34:13]} 17. Bxb5 {[%clk 0:37:40]} Nd4 {[%clk 0:32:36]}
18. Nxd4 {[%clk 0:37:00]} Bxd4 {[%clk 0:32:47]} 19. Rxd4 {[%clk 0:25:23]} exd4
{[%clk 0:32:25]} 20. Kd2 {[%clk 0:23:29]} Rfc8 {[%clk 0:26:37]} 21. Qd3 {[%clk
0:23:14]} Bxd5 {[%clk 0:22:27]} 22. exd5 {[%clk 0:23:41]} Qg5+ {[%clk 0:22:33]}
23. Ke2 {[%clk 0:23:28]} Qxd5 {[%clk 0:22:06]} 24. Rd1 {[%clk 0:23:09]} Rc5
{[%clk 0:21:00]} 25. a4 {[%clk 0:21:41]} Rac8 {[%clk 0:19:39]} 26. Qxd4 {[%clk
0:21:20]} Rc2+ {[%clk 0:18:13]} 27. Ke3 {[%clk 0:20:26]} Qg2 {[%clk 0:15:18]}
28. Rd2 {[%clk 0:18:34]} Qxh3+ {[%clk 0:14:37]} 29. Ke2 {[%clk 0:18:54]} Qb3
{[%clk 0:13:43]} 30. Qxd6 {[%clk 0:15:03]} Rxd2+ {[%clk 0:12:23]} 31. Kxd2
{[%clk 0:15:14]} Qxb2+ {[%clk 0:11:08]} 32. Ke3 {[%clk 0:15:30]} Qb3+ {[%clk
0:10:54]} 33. Kf4 {[%clk 0:14:13]} g5+ {[%clk 0:06:37]} 34. Ke5 {[%clk
0:13:31]} Qc3+ {[%clk 0:06:14]} 35. Qd4 {[%clk 0:12:15]} Qc7+ {[%clk 0:04:02]}
1/2-1/2

[Event "DVM U14w 2017"]
[Site "Neumünster GER"]
[Date "2017.12.28"]
[Round "3"]
[White "Berelowitsch, Dana"]
[Black "Peglau, Sarah"]
[Result "1-0"]
[Termination "normal"]
[Board "1.2"]
[WhiteElo "1648"]
[BlackElo "1241"]
[WhiteClock "00:27:44"]
[BlackClock "00:34:39"]
[WhiteTeam "SG Solingen"]
[BlackTeam "Schachzentrum Seeblick"]
[PlyCount "35"]
[WhiteFideId "12977144"]
[BlackFideId "16219961"]
[EventCountry "GER"]
[EventRounds "7"]
[EventType "team-swiss"]
[EventDate "2017.12.26"]

1. e4 {[%clk 1:30:58]} e6 {[%clk 1:30:55]} 2. d4 {[%clk 1:31:22]} d5 {[%clk
1:31:21]} 3. Nc3 {[%clk 1:31:47]} Nf6 {[%clk 1:31:44]} 4. e5 {[%clk 1:32:10]}
Nfd7 {[%clk 1:32:09]} 5. f4 {[%clk 1:30:04]} c5 {[%clk 1:32:15]} 6. Nf3 {[%clk
1:28:36]} Nc6 {[%clk 1:30:07]} 7. Be3 {[%clk 1:25:32]} Qb6 {[%clk 1:21:26]} 8.
Qd2 {[%clk 1:23:11]} Qxb2 {[%clk 1:11:28]} 9. Rb1 {[%clk 1:23:08]} Qa3 {[%clk
1:11:49]} 10. Bb5 {[%clk 1:15:12]} Nb4 {[%clk 1:05:22]} 11. O-O {[%clk
1:07:05]} c4 {[%clk 1:01:44]} 12. f5 {[%clk 0:52:10]} a6 {[%clk 1:00:05]} 13.
fxe6 {[%clk 0:49:27]} fxe6 {[%clk 0:55:49]} 14. Ng5 {[%clk 0:40:41]} axb5
{[%clk 0:52:52]} 15. Qf2 {[%clk 0:38:37]} Ra6 {[%clk 0:35:38]} 16. Nxb5 {[%clk
0:28:39]} Qa5 {[%clk 0:34:57]} 17. Nd6+ {[%clk 0:27:44]} Bxd6 {[%clk 0:34:39]}
18. Qf7+ {[%clk 0:27:44]} 1-0

[Event "DVM U14w 2017"]
[Site "Neumünster GER"]
[Date "2017.12.28"]
[Round "3"]
[White "Peglau, Charis"]
[Black "Kublanov, Elizabeth"]
[Result "1-0"]
[Termination "normal"]
[Board "1.3"]
[WhiteElo "1193"]
[BlackElo "1561"]
[WhiteClock "00:20:03"]
[BlackClock "00:00:45"]
[WhiteTeam "Schachzentrum Seeblick"]
[BlackTeam "SG Solingen"]
[PlyCount "81"]
[WhiteFideId "16219996"]
[BlackFideId "12944564"]
[EventCountry "GER"]
[EventRounds "7"]
[EventType "team-swiss"]
[EventDate "2017.12.26"]

1. e4 {[%clk 1:30:58]} e5 {[%clk 1:30:51]} 2. Nc3 {[%clk 1:31:21]} d6 {[%clk
1:29:49]} 3. Bc4 {[%clk 1:30:44]} Nf6 {[%clk 1:27:22]} 4. Nge2 {[%clk 1:28:08]}
Be7 {[%clk 1:22:28]} 5. d4 {[%clk 1:27:07]} exd4 {[%clk 1:22:30]} 6. Nxd4
{[%clk 1:27:18]} O-O {[%clk 1:21:53]} 7. O-O {[%clk 1:21:45]} a6 {[%clk
1:19:40]} 8. Bb3 {[%clk 1:19:06]} b5 {[%clk 1:18:05]} 9. a3 {[%clk 1:03:16]}
Bb7 {[%clk 1:13:39]} 10. f3 {[%clk 1:01:47]} Re8 {[%clk 1:08:25]} 11. Re1
{[%clk 0:59:38]} Nbd7 {[%clk 1:05:19]} 12. Be3 {[%clk 0:58:32]} Nc5 {[%clk
1:03:04]} 13. Ba2 {[%clk 0:58:33]} Bf8 {[%clk 0:56:56]} 14. Bf2 {[%clk
0:56:25]} Nh5 {[%clk 0:50:58]} 15. b4 {[%clk 0:55:25]} Ne6 {[%clk 0:49:38]} 16.
Nce2 {[%clk 0:50:49]} Qg5 {[%clk 0:44:34]} 17. Ng3 {[%clk 0:44:06]} Nxd4 {[%clk
0:36:11]} 18. Qxd4 {[%clk 0:44:08]} c5 {[%clk 0:34:23]} 19. Qd1 {[%clk
0:41:50]} c4 {[%clk 0:28:07]} 20. Nxh5 {[%clk 0:41:16]} Qxh5 {[%clk 0:28:29]}
21. Bg3 {[%clk 0:39:31]} Re6 {[%clk 0:24:48]} 22. Qd4 {[%clk 0:38:13]} Rae8
{[%clk 0:20:40]} 23. a4 {[%clk 0:33:39]} d5 {[%clk 0:16:51]} 24. axb5 {[%clk
0:32:05]} dxe4 {[%clk 0:08:33]} 25. Bxc4 {[%clk 0:32:02]} Bxb4 {[%clk 0:08:02]}
26. Kh1 {[%clk 0:26:58]} Bxe1 {[%clk 0:06:25]} 27. Bxe1 {[%clk 0:26:26]} Rh6
{[%clk 0:05:03]} 28. Bg3 {[%clk 0:23:45]} exf3 {[%clk 0:03:56]} 29. Kg1 {[%clk
0:22:42]} Qf5 {[%clk 0:00:38]} 30. Bd3 {[%clk 0:22:38]} Qc8 {[%clk 0:00:31]}
31. Be5 {[%clk 0:22:29]} Rg6 {[%clk 0:00:48]} 32. Bxg6 {[%clk 0:22:45]} hxg6
{[%clk 0:00:54]} 33. bxa6 {[%clk 0:21:40]} Qxc2 {[%clk 0:00:38]} 34. Qb2 {[%clk
0:21:51]} Qc5+ {[%clk 0:00:50]} 35. Bd4 {[%clk 0:21:40]} Re2 {[%clk 0:00:32]}
36. Bxc5 {[%clk 0:20:33]} Rxb2 {[%clk 0:01:00]} 37. axb7 {[%clk 0:20:14]} Rxb7
{[%clk 0:00:32]} 38. gxf3 {[%clk 0:20:21]} Rb3 {[%clk 0:00:38]} 39. Kg2 {[%clk
0:20:07]} Rb2+ {[%clk 0:00:44]} 40. Kg3 {[%clk 0:20:29]} Rb5 {[%clk 0:00:45]}
41. Be3 {[%clk 0:20:03]} 1-0

[Event "DVM U14w 2017"]
[Site "Neumünster GER"]
[Date "2017.12.28"]
[Round "3"]
[White "Bashylina, Luisa"]
[Black "Peglau, Dora"]
[Result "1-0"]
[Termination "normal"]
[Board "1.4"]
[WhiteElo "1700"]
[BlackElo "1159"]
[WhiteClock "01:14:08"]
[BlackClock "01:07:55"]
[WhiteTeam "SG Solingen"]
[BlackTeam "Schachzentrum Seeblick"]
[PlyCount "31"]
[WhiteFideId "12983292"]
[BlackFideId "16220005"]
[EventCountry "GER"]
[EventRounds "7"]
[EventType "team-swiss"]
[EventDate "2017.12.26"]

1. e4 {[%clk 1:30:58]} c5 {[%clk 1:30:53]} 2. Nf3 {[%clk 1:31:24]} d6 {[%clk
1:31:15]} 3. d4 {[%clk 1:31:51]} cxd4 {[%clk 1:31:38]} 4. Qxd4 {[%clk 1:32:08]}
Nc6 {[%clk 1:31:39]} 5. Bb5 {[%clk 1:32:33]} Bd7 {[%clk 1:31:59]} 6. Bxc6
{[%clk 1:32:58]} Bxc6 {[%clk 1:32:14]} 7. Nc3 {[%clk 1:33:15]} Nf6 {[%clk
1:31:58]} 8. Bg5 {[%clk 1:33:13]} Qa5 {[%clk 1:27:32]} 9. O-O {[%clk 1:32:05]}
Rc8 {[%clk 1:26:56]} 10. Rad1 {[%clk 1:27:04]} e5 {[%clk 1:16:16]} 11. Qd3
{[%clk 1:23:54]} Nxe4 {[%clk 1:13:14]} 12. Nxe4 {[%clk 1:21:09]} Bb5 {[%clk
1:13:28]} 13. Qd5 {[%clk 1:20:09]} Qa6 {[%clk 1:08:43]} 14. Rfe1 {[%clk
1:15:52]} f6 {[%clk 1:07:48]} 15. Qe6+ {[%clk 1:14:08]} Kd8 {[%clk 1:07:55]}
16. Nxf6 1-0

[Event "DVM U14w 2017"]
[Site "Neumünster GER"]
[Date "2017.12.28"]
[Round "3"]
[White "Rudolph, Eva"]
[Black "Basovskiy, Jana"]
[Result "1/2-1/2"]
[Termination "normal"]
[Board "2.1"]
[WhiteElo "1757"]
[BlackElo "1788"]
[WhiteClock "00:11:43"]
[BlackClock "00:15:03"]
[WhiteTeam "Düsseldorfer SK"]
[BlackTeam "SF Sasbach"]
[PlyCount "63"]
[WhiteFideId "16200594"]
[BlackFideId "16208617"]
[EventCountry "GER"]
[EventRounds "7"]
[EventType "team-swiss"]
[EventDate "2017.12.26"]

1. e4 {[%clk 1:30:58]} c5 {[%clk 1:30:54]} 2. Nf3 {[%clk 1:31:22]} e6 {[%clk
1:31:19]} 3. d4 {[%clk 1:31:47]} cxd4 {[%clk 1:31:45]} 4. Nxd4 {[%clk 1:32:11]}
Nf6 {[%clk 1:32:10]} 5. Nc3 {[%clk 1:32:31]} Nc6 {[%clk 1:32:36]} 6. Ndb5
{[%clk 1:32:36]} d6 {[%clk 1:32:58]} 7. Bf4 {[%clk 1:32:48]} e5 {[%clk
1:33:23]} 8. Bg5 {[%clk 1:32:47]} a6 {[%clk 1:33:46]} 9. Na3 {[%clk 1:32:56]}
b5 {[%clk 1:34:08]} 10. Nd5 {[%clk 1:32:47]} Be7 {[%clk 1:34:26]} 11. Bxf6
{[%clk 1:32:53]} Bxf6 {[%clk 1:34:51]} 12. c4 {[%clk 1:32:37]} b4 {[%clk
1:22:32]} 13. Nc2 {[%clk 1:32:26]} a5 {[%clk 1:21:34]} 14. g3 {[%clk 1:31:57]}
O-O {[%clk 1:15:24]} 15. Bg2 {[%clk 1:31:12]} Ba6 {[%clk 1:03:03]} 16. b3
{[%clk 1:30:17]} Bg5 {[%clk 0:54:07]} 17. O-O {[%clk 1:27:55]} Bh6 {[%clk
0:53:02]} 18. Qd3 {[%clk 1:26:22]} Re8 {[%clk 0:49:07]} 19. Rad1 {[%clk
1:25:49]} g6 {[%clk 0:42:24]} 20. Nde3 {[%clk 0:58:48]} Bf8 {[%clk 0:42:27]}
21. Rd2 {[%clk 0:58:20]} Qd7 {[%clk 0:37:02]} 22. Nd5 {[%clk 0:54:46]} Qd8
{[%clk 0:35:46]} 23. Rfd1 {[%clk 0:53:06]} Ra7 {[%clk 0:33:34]} 24. Bh3 {[%clk
0:48:47]} Kh8 {[%clk 0:28:41]} 25. Qf3 {[%clk 0:44:00]} Kg7 {[%clk 0:27:12]}
26. Qd3 {[%clk 0:34:55]} Kh8 {[%clk 0:25:09]} 27. Nde3 {[%clk 0:28:22]} Bc8
{[%clk 0:20:52]} 28. Bxc8 {[%clk 0:21:57]} Qxc8 {[%clk 0:20:47]} 29. Nd5 {[%clk
0:19:39]} Qb8 {[%clk 0:18:43]} 30. Nce3 {[%clk 0:15:09]} Nd4 {[%clk 0:18:10]}
31. Nc2 {[%clk 0:15:00]} Ne6 {[%clk 0:15:03]} 32. Qf3 {[%clk 0:11:43]} 1/2-1/2

[Event "DVM U14w 2017"]
[Site "Neumünster GER"]
[Date "2017.12.28"]
[Round "3"]
[White "Schneider, Katharina"]
[Black "Sokolowski, Judith"]
[Result "0-1"]
[Termination "normal"]
[Board "2.2"]
[WhiteElo "1638"]
[BlackElo "1351"]
[WhiteClock "00:55:05"]
[BlackClock "00:24:30"]
[WhiteTeam "SF Sasbach"]
[BlackTeam "Düsseldorfer SK"]
[PlyCount "114"]
[WhiteFideId "16200519"]
[BlackFideId "16200624"]
[EventCountry "GER"]
[EventRounds "7"]
[EventType "team-swiss"]
[EventDate "2017.12.26"]

1. e4 {[%clk 1:30:57]} c5 {[%clk 1:30:58]} 2. Nf3 {[%clk 1:31:21]} e6 {[%clk
1:31:25]} 3. d4 {[%clk 1:31:44]} cxd4 {[%clk 1:31:49]} 4. Nxd4 {[%clk 1:32:09]}
Nf6 {[%clk 1:32:07]} 5. Nc3 {[%clk 1:32:09]} Nc6 {[%clk 1:32:30]} 6. Be3 {[%clk
1:31:31]} Bb4 {[%clk 1:32:50]} 7. f3 {[%clk 1:31:32]} d5 {[%clk 1:31:46]} 8.
Bb5 {[%clk 1:26:00]} Bd7 {[%clk 1:26:08]} 9. Nxc6 {[%clk 1:23:07]} Bxc6 {[%clk
1:23:10]} 10. Bxc6+ {[%clk 1:21:36]} bxc6 {[%clk 1:23:38]} 11. exd5 {[%clk
1:18:08]} Nxd5 {[%clk 1:22:16]} 12. Qd4 {[%clk 1:10:46]} Bxc3+ {[%clk 1:13:11]}
13. bxc3 {[%clk 1:10:27]} Nxe3 {[%clk 1:13:16]} 14. Qxe3 {[%clk 1:10:46]} O-O
{[%clk 1:12:58]} 15. O-O {[%clk 1:10:29]} Qa5 {[%clk 1:12:41]} 16. Rfd1 {[%clk
1:08:43]} Rfd8 {[%clk 1:07:46]} 17. Rxd8+ {[%clk 1:03:58]} Rxd8 {[%clk
1:08:06]} 18. a4 {[%clk 1:02:14]} h6 {[%clk 1:05:45]} 19. h3 {[%clk 1:00:32]}
Rb8 {[%clk 0:58:27]} 20. Qd3 {[%clk 0:57:53]} Qb6+ {[%clk 0:47:46]} 21. Kh1
{[%clk 0:56:38]} Rd8 {[%clk 0:44:21]} 22. Qe4 {[%clk 0:42:44]} Qb2 {[%clk
0:42:08]} 23. Re1 {[%clk 0:40:26]} Qxc3 {[%clk 0:40:54]} 24. Re3 {[%clk
0:38:42]} Rd1+ {[%clk 0:33:42]} 25. Kh2 {[%clk 0:38:18]} Qc5 {[%clk 0:31:39]}
26. Rd3 {[%clk 0:35:55]} Rxd3 {[%clk 0:30:38]} 27. Qxd3 {[%clk 0:35:02]} Qe5+
{[%clk 0:29:47]} 28. Kh1 {[%clk 0:34:32]} Qa1+ {[%clk 0:29:27]} 29. Kh2 {[%clk
0:35:07]} Qxa4 {[%clk 0:27:06]} 30. Qd8+ {[%clk 0:34:50]} Kh7 {[%clk 0:27:20]}
31. Qd3+ {[%clk 0:35:15]} g6 {[%clk 0:23:27]} 32. g4 {[%clk 0:34:00]} Qb5
{[%clk 0:21:32]} 33. Qe3 {[%clk 0:32:18]} a5 {[%clk 0:19:25]} 34. h4 {[%clk
0:32:09]} a4 {[%clk 0:17:27]} 35. h5 {[%clk 0:30:51]} Qg5 {[%clk 0:14:54]} 36.
hxg6+ {[%clk 0:30:19]} Qxg6 {[%clk 0:14:56]} 37. Qc5 {[%clk 0:29:02]} a3 {[%clk
0:09:27]} 38. Qxa3 {[%clk 0:28:48]} Qxc2+ {[%clk 0:09:53]} 39. Kg3 {[%clk
0:28:21]} c5 {[%clk 0:09:49]} 40. Qa7 {[%clk 0:27:26]} Kg7 {[%clk 0:07:59]} 41.
Qa1+ {[%clk 0:26:58]} Kh7 {[%clk 0:03:18]} 42. Qa7 {[%clk 0:27:19]} Kg6 {[%clk
0:29:54]} 43. Qa8 {[%clk 0:57:24]} Qc3 {[%clk 0:27:36]} 44. Qe4+ {[%clk
0:56:33]} Kg7 {[%clk 0:27:53]} 45. Kh4 {[%clk 0:55:36]} Qd4 {[%clk 0:26:47]}
46. Qe2 {[%clk 0:54:55]} e5 {[%clk 0:23:20]} 47. Kh3 {[%clk 0:52:41]} c4 {[%clk
0:23:16]} 48. Qg2 {[%clk 0:52:55]} Qf4 {[%clk 0:22:36]} 49. Qe2 {[%clk
0:52:35]} c3 {[%clk 0:22:05]} 50. Kg2 {[%clk 0:52:51]} Qd2 {[%clk 0:22:11]} 51.
Kf1 {[%clk 0:52:50]} Qxe2+ {[%clk 0:22:27]} 52. Kxe2 {[%clk 0:53:15]} Kg6
{[%clk 0:22:40]} 53. Kd3 {[%clk 0:53:39]} Kg5 {[%clk 0:23:03]} 54. Kxc3 {[%clk
0:54:01]} Kf4 {[%clk 0:23:27]} 55. Kd3 {[%clk 0:54:19]} Kxf3 {[%clk 0:23:53]}
56. Kc4 {[%clk 0:54:40]} e4 {[%clk 0:24:06]} 57. Kc3 {[%clk 0:55:05]} e3 {[%clk
0:24:30]} 0-1

[Event "DVM U14w 2017"]
[Site "Neumünster GER"]
[Date "2017.12.28"]
[Round "3"]
[White "Kogan, Dina Rachel"]
[Black "Schneider, Anna"]
[Result "1-0"]
[Termination "normal"]
[Board "2.3"]
[WhiteElo "1345"]
[BlackElo "1374"]
[WhiteClock "01:03:25"]
[BlackClock "01:12:30"]
[WhiteTeam "Düsseldorfer SK"]
[BlackTeam "SF Sasbach"]
[PlyCount "39"]
[WhiteFideId "16200608"]
[BlackFideId "16200527"]
[EventCountry "GER"]
[EventRounds "7"]
[EventType "team-swiss"]
[EventDate "2017.12.26"]

1. e4 {[%clk 1:30:54]} e5 {[%clk 1:30:50]} 2. Nc3 {[%clk 1:31:02]} Nf6 {[%clk
1:31:07]} 3. g3 {[%clk 1:31:27]} Bc5 {[%clk 1:31:15]} 4. Bg2 {[%clk 1:30:57]}
Nc6 {[%clk 1:31:24]} 5. d3 {[%clk 1:31:19]} d6 {[%clk 1:31:24]} 6. Nge2 {[%clk
1:31:35]} h6 {[%clk 1:31:07]} 7. Na4 {[%clk 1:31:37]} Bb6 {[%clk 1:31:04]} 8.
Nxb6 {[%clk 1:31:59]} axb6 {[%clk 1:31:25]} 9. O-O {[%clk 1:32:21]} g5 {[%clk
1:31:33]} 10. d4 {[%clk 1:27:12]} Bd7 {[%clk 1:28:42]} 11. c3 {[%clk 1:24:22]}
Ne7 {[%clk 1:23:21]} 12. f4 {[%clk 1:20:49]} gxf4 {[%clk 1:21:08]} 13. gxf4
{[%clk 1:21:13]} Rg8 {[%clk 1:20:26]} 14. Ng3 {[%clk 1:21:10]} Bg4 {[%clk
1:17:20]} 15. Qd3 {[%clk 1:10:46]} Qd7 {[%clk 1:16:06]} 16. fxe5 {[%clk
1:09:04]} Nh5 {[%clk 1:15:04]} 17. Nf5 {[%clk 1:03:45]} Nxf5 {[%clk 1:13:49]}
18. exf5 {[%clk 1:03:59]} O-O-O {[%clk 1:13:26]} 19. Qe4 {[%clk 1:03:25]} Bh3
{[%clk 1:12:30]} 20. Qxb7# 1-0

[Event "DVM U14w 2017"]
[Site "Neumünster GER"]
[Date "2017.12.28"]
[Round "3"]
[White "Eisele, Lea Carolin"]
[Black "Orlova, Alicia"]
[Result "0-1"]
[Termination "normal"]
[Board "2.4"]
[WhiteElo "751"]
[BlackElo "1511"]
[WhiteClock "01:23:59"]
[BlackClock "01:28:07"]
[WhiteTeam "SF Sasbach"]
[BlackTeam "Düsseldorfer SK"]
[PlyCount "94"]
[WhiteFideId "16255780"]
[BlackFideId "34154563"]
[EventCountry "GER"]
[EventRounds "7"]
[EventType "team-swiss"]
[EventDate "2017.12.26"]

1. e4 {[%clk 1:30:59]} e5 {[%clk 1:30:51]} 2. Nf3 {[%clk 1:31:23]} Nc6 {[%clk
1:31:12]} 3. d4 {[%clk 1:31:46]} exd4 {[%clk 1:31:31]} 4. Bc4 {[%clk 1:32:05]}
Nf6 {[%clk 1:31:45]} 5. c3 {[%clk 1:32:24]} d5 {[%clk 1:30:41]} 6. Bd3 {[%clk
1:31:15]} dxe4 {[%clk 1:30:25]} 7. Be2 {[%clk 1:28:22]} exf3 {[%clk 1:30:35]}
8. Bxf3 {[%clk 1:28:40]} Bc5 {[%clk 1:28:21]} 9. cxd4 {[%clk 1:28:34]} Qxd4
{[%clk 1:28:14]} 10. O-O {[%clk 1:28:17]} O-O {[%clk 1:27:54]} 11. Bxc6 {[%clk
1:23:30]} Qxd1 {[%clk 1:27:40]} 12. Rxd1 {[%clk 1:23:50]} bxc6 {[%clk 1:28:04]}
13. Nc3 {[%clk 1:23:46]} Be6 {[%clk 1:28:05]} 14. Na4 {[%clk 1:23:30]} Bb6
{[%clk 1:28:23]} 15. Bg5 {[%clk 1:22:37]} Nd5 {[%clk 1:27:49]} 16. Rac1 {[%clk
1:22:41]} h6 {[%clk 1:27:02]} 17. Bh4 {[%clk 1:22:40]} g5 {[%clk 1:26:47]} 18.
Bg3 {[%clk 1:22:57]} Rad8 {[%clk 1:26:03]} 19. Rxc6 {[%clk 1:23:11]} Nb4 {[%clk
1:25:40]} 20. Rcc1 {[%clk 1:23:04]} Rd7 {[%clk 1:23:17]} 21. h3 {[%clk
1:23:14]} Rfd8 {[%clk 1:23:18]} 22. Nxb6 {[%clk 1:23:28]} Rxd1+ {[%clk
1:23:15]} 23. Rxd1 {[%clk 1:23:48]} Rxd1+ {[%clk 1:23:39]} 24. Kh2 {[%clk
1:24:08]} cxb6 {[%clk 1:24:03]} 25. a3 {[%clk 1:23:42]} Nd3 {[%clk 1:23:58]}
26. b4 {[%clk 1:21:07]} Rf1 {[%clk 1:23:55]} 27. a4 {[%clk 1:20:08]} Nxf2
{[%clk 1:24:00]} 28. Bxf2 {[%clk 1:20:30]} Rxf2 {[%clk 1:24:23]} 29. Kg1 {[%clk
1:20:32]} Rb2 {[%clk 1:24:39]} 30. b5 {[%clk 1:20:11]} Bd5 {[%clk 1:24:54]} 31.
Kh2 {[%clk 1:20:26]} Rxg2+ {[%clk 1:25:03]} 32. Kh1 {[%clk 1:20:48]} Ra2+
{[%clk 1:25:25]} 33. Kg1 {[%clk 1:20:48]} Rxa4 {[%clk 1:25:46]} 34. Kh2 {[%clk
1:20:02]} Rb4 {[%clk 1:26:10]} 35. Kg3 {[%clk 1:20:21]} Rxb5 {[%clk 1:26:32]}
36. Kg4 {[%clk 1:20:43]} a5 {[%clk 1:26:53]} 37. Kh5 {[%clk 1:21:10]} a4 {[%clk
1:27:14]} 38. Kxh6 {[%clk 1:21:38]} a3 {[%clk 1:27:26]} 39. Kxg5 {[%clk
1:22:06]} a2 {[%clk 1:27:48]} 40. h4 {[%clk 1:22:15]} a1=Q {[%clk 1:28:09]} 41.
h5 {[%clk 1:22:37]} Bf3+ {[%clk 1:28:22]} 42. Kh4 Rxh5+ {[%clk 1:28:00]} 43.
Kg3 {[%clk 1:23:05]} Qe1+ {[%clk 1:26:57]} 44. Kxf3 {[%clk 1:23:24]} Rf5+
{[%clk 1:27:23]} 45. Kg4 {[%clk 1:23:35]} Rf2 {[%clk 1:27:46]} 46. Kg3 {[%clk
1:23:42]} Qg1+ {[%clk 1:28:07]} 47. Kh4 {[%clk 1:23:59]} Rh2# 0-1

[Event "DVM U14w 2017"]
[Site "Neumünster GER"]
[Date "2017.12.28"]
[Round "3"]
[White "Reichelt, Lena"]
[Black "Stowicek, Yara Mathilda"]
[Result "1/2-1/2"]
[Termination "normal"]
[Board "3.2"]
[WhiteElo "1495"]
[BlackElo "1496"]
[WhiteClock "00:05:56"]
[BlackClock "00:20:48"]
[WhiteTeam "SK Nordhorn-Blanke"]
[BlackTeam "USV Halle"]
[PlyCount "107"]
[WhiteFideId "12981184"]
[BlackFideId "16203569"]
[EventCountry "GER"]
[EventRounds "7"]
[EventType "team-swiss"]
[EventDate "2017.12.26"]

1. e4 {[%clk 1:30:50]} e5 {[%clk 1:30:51]} 2. Nf3 {[%clk 1:31:11]} Nc6 {[%clk
1:31:15]} 3. Bc4 {[%clk 1:30:58]} Nf6 {[%clk 1:31:27]} 4. O-O {[%clk 1:30:59]}
Bc5 {[%clk 1:31:24]} 5. d4 {[%clk 1:23:27]} Bxd4 {[%clk 1:31:23]} 6. Nxd4
{[%clk 1:23:10]} Nxd4 {[%clk 1:31:34]} 7. f4 {[%clk 1:21:00]} d6 {[%clk
1:27:37]} 8. fxe5 {[%clk 1:19:20]} dxe5 {[%clk 1:27:14]} 9. Bg5 {[%clk
1:19:20]} Qe7 {[%clk 1:18:25]} 10. Nd2 {[%clk 0:51:50]} Be6 {[%clk 1:13:01]}
11. Bxf6 {[%clk 0:48:17]} gxf6 {[%clk 1:11:35]} 12. c3 {[%clk 0:47:24]} Nc6
{[%clk 1:11:14]} 13. Bxe6 {[%clk 0:38:42]} Qxe6 {[%clk 1:10:19]} 14. Qf3 {[%clk
0:38:27]} O-O-O {[%clk 1:09:42]} 15. Nb3 {[%clk 0:37:58]} Rd6 {[%clk 1:07:51]}
16. Qf5 {[%clk 0:27:01]} Qxf5 {[%clk 1:04:42]} 17. Rxf5 {[%clk 0:27:22]} Ne7
{[%clk 1:04:18]} 18. Rf3 {[%clk 0:26:32]} Rg8 {[%clk 1:03:31]} 19. Raf1 {[%clk
0:25:01]} Rg6 {[%clk 1:02:32]} 20. R3f2 {[%clk 0:20:23]} h6 {[%clk 0:55:44]}
21. Nd2 {[%clk 0:19:12]} a6 {[%clk 0:52:07]} 22. Nc4 {[%clk 0:18:58]} Rc6
{[%clk 0:50:40]} 23. Ne3 {[%clk 0:19:11]} b5 {[%clk 0:49:30]} 24. h3 {[%clk
0:18:37]} h5 {[%clk 0:47:04]} 25. Kh2 {[%clk 0:15:01]} Kd7 {[%clk 0:43:05]} 26.
Nf5 {[%clk 0:09:58]} Nxf5 {[%clk 0:35:49]} 27. Rxf5 {[%clk 0:10:19]} Rh6 {[%clk
0:33:34]} 28. Kg3 {[%clk 0:10:20]} Rg6+ {[%clk 0:27:50]} 29. Kf3 {[%clk
0:10:33]} Rg5 {[%clk 0:26:56]} 30. Rxg5 {[%clk 0:10:06]} fxg5 {[%clk 0:27:09]}
31. Ke2 {[%clk 0:08:54]} f6 {[%clk 0:25:11]} 32. Rf5 {[%clk 0:09:08]} h4 {[%clk
0:23:21]} 33. Rf2 {[%clk 0:05:47]} Rd6 {[%clk 0:22:11]} 34. Ke3 {[%clk
0:05:58]} Ke6 {[%clk 0:20:58]} 35. Rf1 {[%clk 0:06:07]} c5 {[%clk 0:20:03]} 36.
Ke2 {[%clk 0:04:08]} Ke7 {[%clk 0:19:24]} 37. Rf3 {[%clk 0:04:03]} Ke6 {[%clk
0:18:11]} 38. Rf1 {[%clk 0:04:24]} Ke7 {[%clk 0:17:57]} 39. Rf3 {[%clk
0:04:46]} a5 {[%clk 0:17:02]} 40. Rf1 {[%clk 0:01:07]} Ke6 {[%clk 0:14:19]} 41.
Ke3 {[%clk 0:30:22]} c4 {[%clk 0:43:45]} 42. Ke2 {[%clk 0:26:54]} Rd3 {[%clk
0:38:47]} 43. a3 {[%clk 0:04:50]} Rd6 {[%clk 0:33:57]} 44. Ke3 {[%clk 0:04:55]}
a4 {[%clk 0:31:48]} 45. Ke2 {[%clk 0:04:43]} Kf7 {[%clk 0:30:59]} 46. Rf3
{[%clk 0:03:51]} Kg6 {[%clk 0:29:50]} 47. Ke1 {[%clk 0:03:33]} Kh5 {[%clk
0:27:29]} 48. Ke2 {[%clk 0:03:55]} Kg6 {[%clk 0:26:21]} 49. Ke1 {[%clk
0:04:09]} Rd7 {[%clk 0:25:53]} 50. Ke2 {[%clk 0:04:31]} Rd6 {[%clk 0:24:23]}
51. Ke1 {[%clk 0:04:49]} Rd7 {[%clk 0:22:26]} 52. Ke2 {[%clk 0:05:15]} Rf7
{[%clk 0:20:45]} 53. Rf5 {[%clk 0:05:30]} Rd7 {[%clk 0:20:48]} 54. Rf3 {[%clk
0:05:56]} 1/2-1/2